| 000 | 00581nam a22001817a 4500 | ||
|---|---|---|---|
| 999 |
_c190603 _d190603 |
||
| 005 | 20220729121503.0 | ||
| 010 | _aENG-134093 | ||
| 020 |
_a9789386224897 _c250.00 |
||
| 035 | _aEN-117625 | ||
| 037 | _bDBAD/PUB | ||
| 082 | _a618.2 | ||
| 100 | _aDiwekar, Rujuta | ||
| 245 |
_aPregnancy Notes: _bBefore, During and After/ _cRujata Diwekar |
||
| 260 |
_aChennai _bWestland Publications Ltd. _c2017 |
||
| 270 |
_a61, II Floor, Silverline Building, Alapakkam Main Road, Maduravoyal _bChennai _e600095 |
||
| 300 |
_a207p. _c19cm(pbk) |
||
| 942 |
_2ddc _cEN _h618.2 _mDIW |
||